|
|
|
|
| LEADER |
00000cam a2200000 a 4500 |
| 001 |
vtls001467031 |
| 003 |
SK-MaSNL |
| 005 |
20260425223613.0 |
| 008 |
240226s2003 gw d frn 000 0 eng |
| 015 |
|
|
|a SNBZSA2004-00037
|
| 020 |
|
|
|a 3631504047
|q (brožované)
|
| 020 |
|
|
|a 0820460753
|
| 035 |
|
|
|a SNK000422336
|
| 035 |
|
|
|a urn:nbn:sk:snk-am3j22z
|
| 035 |
|
|
|a D95BA350-3C65-4CE8-B54F-0C8CA6E34DB6
|
| 035 |
|
|
|a urn:nbn:sk:snk-am00gl48
|
| 040 |
|
|
|a SNK
|b slo
|c SNK
|e AACR2
|
| 041 |
0 |
|
|a eng
|
| 043 |
|
|
|a ec-----
|a ee-----
|
| 044 |
|
|
|a gw
|c DE
|
| 072 |
|
7 |
|a 331
|x Práca
|2 konspekt
|
| 080 |
|
|
|a 331.5(4-191.2-11)(082)=111
|2 1997
|
| 080 |
|
|
|a 331
|2 2011
|
| 080 |
|
|
|a 331.5
|2 2011
|
| 080 |
|
|
|a (4-191.2)
|2 2011
|
| 080 |
|
|
|a (4‑11)
|2 2011
|
| 080 |
|
|
|a (082)
|2 2011
|
| 245 |
0 |
0 |
|a Gender equality in Central and Eastern European countries
|c Michel E. Domsch, Désirée H. Ladwig, Eliane Tenten [eds.]
|
| 250 |
|
|
|a 1st ed.
|
| 260 |
|
|
|a Frankfurt am Main
|b Peter Lang
|c 2003
|
| 300 |
|
|
|a 389 strán
|b diagramy, grafy, tabuľky
|c 21 cm
|
| 490 |
1 |
|
|a Forum Personalmanagement
|v Bd. 6
|x 1438-6917
|
| 500 |
|
|
|a Obsahuje zoznam autorov
|
| 504 |
|
|
|a Obsahuje bibliografické odkazy
|
| 650 |
0 |
7 |
|a práca
|2 SNKPH
|9 2337
|
| 650 |
0 |
7 |
|a trh práce
|2 SNKPH
|9 2371
|
| 651 |
|
7 |
|a Európa stredná
|2 SNKPHgeo
|9 23970
|
| 651 |
|
7 |
|a Európa východná
|2 SNKPHgeo
|9 167635
|
| 655 |
|
7 |
|a zborníky
|2 SNKPH
|9 70165
|
| 700 |
1 |
|
|a Domsch, Michel E.,
|d 1941-
|4 edt
|9 345074
|
| 700 |
1 |
|
|a Ladwig, Désirée H.,
|d 1964-
|4 edt
|9 345075
|
| 700 |
1 |
|
|a Tenten, Eliane
|4 edit
|9 345076
|
| 830 |
|
0 |
|a Forum Personalmanagement
|9 345077
|
| 919 |
|
|
|a 3-631-50404-7
|
| 919 |
|
|
|a 0-8204-6075-3
|
| 958 |
|
|
|a TL
|
| 958 |
|
|
|a NB
|
| 958 |
|
|
|a ZB
|
| 958 |
|
|
|a ZS
|
| 958 |
|
|
|a DE
|
| 999 |
|
|
|c 590416
|d 592346
|
| 952 |
|
|
|t P60, <03>, [BOOK], {603}
|a SNK
|b SNK
|y PREZ
|7 0
|p 17A0412371
|o snkSC 114735
|i snkV 239/2004
|g 70.04
|0 0
|1 0
|4 0
|d 2004-01-27
|f 1
|l 0
|r 2025-10-03 00:00:00
|w 2026-02-23
|